000
00250nam a2200097Ia 4500
005
20251222114356.0
008
251222s1900||||xx |||||||||||||| ||spa||
082
_a
DVD0120/S15/2005
245
0
_a
Il barbiere di Siviglia:El barbero de Sevilla
942
_c
DVD
999
_c
1437
_d
1437